000 01001nam a22003617a 4500
005 20260427154359.0
008 230510b2019 |||||||| |||| 00| 0 spa d
020 _a9788491712909
041 _aESP
082 _a651.3 C112t
100 _aCaballero Fiel, Óscar
245 _aTécnicas administrativas básicas
260 _aEspaña
260 _bSíntesis
260 _c2019
300 _a196 páginas
490 _aDirección y Administración de Empresas
490 _aSecretariado Ejecutivo
650 _aMANEJO DE OFICINA
650 _aORGANIZACIÓN EMPRESARIAL
650 _aÁREAS FUNCIONALS DE LA EMPRESA
650 _aCOMUNICACIÓN INTERNA
650 _aCOMUNICACIÓN EXTERNA
650 _aMATERIAL DE OFICINA
650 _aGESTIÓN DE ALMACÉN
650 _aOPERACIONES BÁSICAS DE TESORERÍA
650 _aINVENTARIO
650 _aMEDIOS DE PAGO
650 _aLIBROS AUXILIARES
650 _aCONCILIACIÓN BANCARIA
942 _cBK
_2ddc
999 _c13564
_d13564